| 000 | 00479nam a2200181Ia 4500 | ||
|---|---|---|---|
| 003 | GCL | ||
| 008 | 140319s9999 xx 000 0 eng d | ||
| 040 |
_aGCL / _cGCL |
||
| 082 | 0 | 4 |
_a320.956 _bK M |
| 100 | 1 | _aKIPPER, JUDITH | |
| 245 | 1 | 0 |
_aTHE MIDDLE EAST IN GLOBAL PERSPECTIVE / _cKIPPER, JUDITH |
| 700 | 1 | _aSAUNDERS, HAROLD | |
| 260 |
_a[S.N] : _bWESTVIEW PRESS ، _c1991 |
||
| 300 | _a359 P | ||
| 650 | 0 | 4 | _aMIDDLE EAST |
| 650 | 0 | 4 | _aPOLICY - GOVERNMENT |
| 942 |
_2ddc _cBK |
||
| 999 |
_c24775 _d24775 |
||